ARRUPE JESUIT UNIVERSITY

CORONAVIRUS -STOP THE SPREAD - CLEAN,DISINFECT,COVER

The Blackwell guide to Plato's Republic / (Record no. 118548)

MARC details
000 -LEADER
fixed length control field 02402cam a22003734a 4500
001 - CONTROL NUMBER
control field 13879555
003 - CONTROL NUMBER IDENTIFIER
control field ARRUPE
005 - DATE AND TIME OF LATEST TRANSACTION
control field 20141112020007.0
008 - FIXED-LENGTH DATA ELEMENTS--GENERAL INFORMATION
fixed length control field 050222s2006 mau b 001 0 eng
010 ## - LIBRARY OF CONGRESS CONTROL NUMBER
LC control number 2005004895
020 ## - INTERNATIONAL STANDARD BOOK NUMBER
International Standard Book Number 1405115637 (hbk. : alk. paper)
020 ## - INTERNATIONAL STANDARD BOOK NUMBER
International Standard Book Number 1405115645 (pbk. : alk. paper)
020 ## - INTERNATIONAL STANDARD BOOK NUMBER
International Standard Book Number 9781405115636
Terms of availability (hbk. : alk. paper)
020 ## - INTERNATIONAL STANDARD BOOK NUMBER
International Standard Book Number 9781405115643
Terms of availability (pbk. : alk. paper)
035 ## - SYSTEM CONTROL NUMBER
System control number (OCoLC)ocm57965687
040 ## - CATALOGING SOURCE
Original cataloging agency DLC
Transcribing agency DLC
Modifying agency BAKER
-- BWKUK
-- IXA
-- OCLCQ
-- DLC
042 ## - AUTHENTICATION CODE
Authentication code pcc
050 00 - LIBRARY OF CONGRESS CALL NUMBER
Classification number JC71.P6
Item number B58 2006
300 ## - PHYSICAL DESCRIPTION
Dimensions 26 cm.
245 04 - TITLE STATEMENT
Title The Blackwell guide to Plato's Republic /
Statement of responsibility, etc edited by Gerasimos Santas.
260 ## - PUBLICATION, DISTRIBUTION, ETC. (IMPRINT)
Place of publication, distribution, etc Malden, MA ;
-- Oxford :
Name of publisher, distributor, etc Blackwell Pub.,
Date of publication, distribution, etc 2006.
300 ## - PHYSICAL DESCRIPTION
Extent ix, 292 p. ;
440 #0 - SERIES STATEMENT/ADDED ENTRY--TITLE
Title Blackwell guides to great works
9 (RLIN) 3385
504 ## - BIBLIOGRAPHY, ETC. NOTE
Bibliography, etc Includes bibliographical references (p. [283]-284) and index.
505 0# - FORMATTED CONTENTS NOTE
Formatted contents note The literary and philosophical style of the Republic / Christopher Rowe -- Allegory and myth in Plato's Republic / Jonathan Lear -- Socrates' refutation of Thrasymachus / Rachel Barney -- Plato's challenge : the case against justice in Republic II / Christopher Shields -- The gods and piety of Plato's Republic / Mark L. McPherran -- Plato on learning to love beauty / Gabriel Richardson Lear -- Methods of reasoning about justice in Plato's Republic / Gerasimos Santas -- The analysis of the soul in Plato's Republic / Hendrik Lorenz -- The divided soul and desire for the good in Plato's Republic / Mariana Anagnostopoulos -- Plato and the ship of state / David Keyt -- Knowledge, recollection, and the forms in Republic VII / Michael T. Ferejohn -- The forms in the Republic / Terry Penner -- Plato's defense of justice in the Republic / Rachel G.K. Singpurwalla.
600 00 - SUBJECT ADDED ENTRY--PERSONAL NAME
Personal name Plato.
Title of a work Republic.
9 (RLIN) 3386
600 00 - SUBJECT ADDED ENTRY--PERSONAL NAME
Personal name Santas, Gerasimos Xenophon
9 (RLIN) 3387
700 1# - ADDED ENTRY--PERSONAL NAME
Personal name Santas, Gerasimos Xenophon.
9 (RLIN) 3388
856 41 - ELECTRONIC LOCATION AND ACCESS
Materials specified Table of contents
Uniform Resource Identifier <a href="http://www.loc.gov/catdir/toc/ecip058/2005004895.html">http://www.loc.gov/catdir/toc/ecip058/2005004895.html</a>
856 42 - ELECTRONIC LOCATION AND ACCESS
Materials specified Contributor biographical information
Uniform Resource Identifier <a href="http://www.loc.gov/catdir/enhancements/fy0802/2005004895-b.html">http://www.loc.gov/catdir/enhancements/fy0802/2005004895-b.html</a>
856 42 - ELECTRONIC LOCATION AND ACCESS
Materials specified Publisher description
Uniform Resource Identifier <a href="http://www.loc.gov/catdir/enhancements/fy0802/2005004895-d.html">http://www.loc.gov/catdir/enhancements/fy0802/2005004895-d.html</a>
906 ## - LOCAL DATA ELEMENT F, LDF (RLIN)
a 7
b cbc
c orignew
d 1
e ecip
f 20
g y-gencatlg
942 ## - ADDED ENTRY ELEMENTS (KOHA)
Source of classification or shelving scheme Library of Congress Classification
Koha item type Monograph ( Printed materials)
Koha issues (borrowed), all copies 4
Holdings
Withdrawn status Lost status Source of classification or shelving scheme Damaged status Not for loan Home library Current library Shelving location Date acquired Total Checkouts Full call number Barcode Date last seen Date checked out Price effective from Koha item type
    Library of Congress Classification     ARRUPE LIBRARY ARRUPE LIBRARY Main Collection 06/11/2013 9 JC71.P6 B58 2006 46410870 19/02/2019 17/01/2019 06/11/2013 Monograph ( Printed materials)

 

Arrupe Library. PO Box MP320 Mt Pleasant, Harare, Zimbabwe
263 242 745411|librarian@aju.ac.zw